Historia y ciencias sociales 2º medio: texto para el estudiante
Enregistré dans:
| Auteurs principaux: | , |
|---|---|
| Format: | Livre |
| Langue: | espagnol |
| Publié: |
Santiago
Zig-Zag
2004
|
| Édition: | 3a. ed |
| Sujets: | |
| Tags: |
Ajouter un tag
Pas de tags, Soyez le premier à ajouter un tag!
|
MARC
| LEADER | 00000nam a2200000 a 4500 | ||
|---|---|---|---|
| 001 | UCJ0475 | ||
| 003 | CL-VaPUC | ||
| 008 | 060804e20040000CL |||||||||||||||||spa|d | ||
| 020 | |a 9561215047 | ||
| 082 | 0 | 4 | |a 900.712 |b CEM |2 21 |
| 100 | 0 | |a Cembrano Perasso, Dina |e author |9 500677 | |
| 700 | 0 | |a Cisternas Lara, Luz Eliana |e author |9 500678 | |
| 245 | 1 | 0 | |a Historia y ciencias sociales 2º medio: texto para el estudiante |
| 250 | |a 3a. ed | ||
| 300 | |a 244 p | ||
| 942 | |c BK | ||
| 945 | |d 20060804 00:00:00 |a jtorresc | ||
| 260 | |a Santiago |b Zig-Zag |c 2004 | ||
| 650 | 0 | |a Enseñanza de la historia |9 307330 | |
| 650 | 0 | |a Enseñanza de la geografía |9 310005 | |
| 650 | 0 | |a Métodos de aprendizaje |9 334464 | |
| 650 | 0 | |a Libros de texto |9 270019 | |
| 583 | |a last modification |c 20171207 01:03:21 |k Rodrigo Vera | ||
| 999 | |c 317309 |d 317307 | ||
| 952 | |0 0 |1 0 |4 0 |6 900_712000000000000_CEM_2004 |7 0 |8 A |9 393544 |a BIBHIS |b BIBHIS |d 2019-11-22 |i 4256360 |o 900.712 CEM 2004 |p 4256360 |r 2025-01-20 |w 2019-11-22 |y BK |k HIS | ||
| 952 | |0 0 |1 0 |4 0 |6 900_712000000000000_CEM_2004 |7 0 |8 A |9 393545 |a BIBHIS |b BIBHIS |d 2019-11-22 |i 4256379 |o 900.712 CEM 2004 |p 4256379 |r 2025-01-20 |w 2019-11-22 |y BK |k HIS | ||
| 952 | |0 0 |1 0 |4 0 |6 900_712000000000000_CEM_2004 |7 0 |8 A |9 393546 |a BIBHIS |b BIBHIS |d 2019-11-22 |i 4256387 |o 900.712 CEM 2004 |p 4256387 |r 2025-01-20 |w 2019-11-22 |y BK |k HIS | ||
| 952 | |0 0 |1 0 |4 0 |6 900_712000000000000_CEM_2004 |7 0 |8 A |9 393547 |a BIBHIS |b BIBHIS |d 2019-11-22 |i 4256395 |o 900.712 CEM 2004 |p 4256395 |r 2023-01-25 |w 2019-11-22 |y BK |k HIS | ||